A coming of age (Record no. 78725)
[ view plain ]
| 000 -LEADER | |
|---|---|
| fixed length control field | 00955cab a22002055a 4500 |
| 001 - CONTROL NUMBER | |
| control field | L137849 |
| 008 - FIXED-LENGTH DATA ELEMENTS--GENERAL INFORMATION | |
| fixed length control field | 070502e20070428xxkd f g 000 0 eng d |
| 035 ## - SYSTEM CONTROL NUMBER | |
| System control number | (Sirsi) u137849 |
| 041 0# - LANGUAGE CODE | |
| Language code of text/sound track or separate title | eng |
| 100 1# - MAIN ENTRY--PERSONAL NAME | |
| Personal name | Collett, Alan |
| 245 02 - TITLE STATEMENT | |
| Title | A coming of age |
| 260 ## - PUBLICATION, DISTRIBUTION, ETC. | |
| Date of publication, distribution, etc. | 2007 |
| 490 ## - SERIES STATEMENT | |
| Series statement | Estates Gazette |
| Volume/sequential designation | (668) 28 April 2007, 164-166(3) |
| 520 ## - SUMMARY, ETC. | |
| Summary, etc. | Practice and Law article examines the IPD residential index. Describes it as a valuable tool for professional property investors. Gives the views of three users of the service. A fund manager finds that it breaks down the components of his returns. A director finds it invaluable in analysing gross-to-net income. A property manager describes how it helps with the management of his portfolio. |
| 590 ## - LOCAL NOTE (RLIN) | |
| Local note | KA |
| 651 #4 - SUBJECT ADDED ENTRY--GEOGRAPHIC NAME | |
| Geographic name | England and Wales |
| Chronological subdivision | 1543- |
| 690 ## - LOCAL SUBJECT ADDED ENTRY--TOPICAL TERM (OCLC, RLIN) | |
| Topical term or geographic name as entry element | Block management |
| 9 (RLIN) | 6220 |
| 856 40 - ELECTRONIC LOCATION AND ACCESS | |
| Uniform Resource Identifier | <a href="https://www.ipdindex.co.uk/">https://www.ipdindex.co.uk/</a> |
| Public note | View the index free of charge at www.ipdindex.co.uk... |
| 942 ## - ADDED ENTRY ELEMENTS (KOHA) | |
| Suppress in OPAC | 0 |
| Withdrawn status | Lost status | Source of classification or shelving scheme | Damaged status | Not for loan | Home library | Current library | Shelving location | Date acquired | Total Checkouts | Full call number | Barcode | Date last seen | Copy number | Price effective from | Koha item type |
|---|---|---|---|---|---|---|---|---|---|---|---|---|---|---|---|
| Dewey Decimal Classification | London | London | Journal article | 02/05/2007 | L137849 | 137849-1001 | 06/08/2019 | 1 | 06/08/2019 | Journal article |